000 00683nam a22001937a 4500
005 20251108174556.0
008 250721s2008 xx 000 0 ara d
082 1 4 _a641.3/بلد
100 1 _aالبلداوي، نزار فليح
_eمؤلف
245 1 0 _aقائمة الطعام ... تخطيط ، تصميم ، تسويق ، رقابة واتخاذ قرارات /
264 1 _aعمان :
_bدار وائل للنشر والتوزيع،
_c2008.
300 _a316 ص.
650 1 7 _aالخدمات الغذاايه
650 1 7 _aاعداد الاغذيه
650 1 7 _aالاداره
700 1 _aكنة، علاء يوسف
_eمؤلف
942 _2ddc
_cBK
999 _c112669
_d112669